Vývoj vybraných ukazovateľov z oblasti demografie podnikov v krajinách Európskej únie
Demografia podnikov.Vývoj vybraných ukazovateľov demografie podnikov. Vývoj mier vzniku, zániku podnikov a podielu zamestnanosti vo vzniknutých podnikoch na Slovensku, v Poľsku, Česku, Maďarsku. Vývoj podielu zamestnaných v novovzniknutých podnikoch v krajinách EÚ (2008-2012). Vývoj miery prežitia p...
Salvato in:
| Autore principale: | |
|---|---|
| Natura: | Capitolo di libro |
| Lingua: | slovacco |
| Soggetti: | |
| Tags: |
Nessun Tag, puoi essere il primo ad aggiungerne!!
|
MARC
| LEADER | 00000naa$a2200000$$$4500 | ||
|---|---|---|---|
| 001 | 0197890 | ||
| 005 | 20240502073336.9 | ||
| 041 | 0 | |a slo | |
| 044 | |a SK | ||
| 245 | 1 | 0 | |a Vývoj vybraných ukazovateľov z oblasti demografie podnikov v krajinách Európskej únie |c Mária Vojtková |
| 520 | |a Demografia podnikov.Vývoj vybraných ukazovateľov demografie podnikov. Vývoj mier vzniku, zániku podnikov a podielu zamestnanosti vo vzniknutých podnikoch na Slovensku, v Poľsku, Česku, Maďarsku. Vývoj podielu zamestnaných v novovzniknutých podnikoch v krajinách EÚ (2008-2012). Vývoj miery prežitia podnikov (2008-2012). | ||
| 610 | 2 | 0 | |a podnik |
| 610 | 2 | 0 | |a založenie podniku |
| 610 | 2 | 0 | |a zrušenie podniku |
| 610 | 2 | 0 | |a zamestnanosť |
| 610 | 2 | 0 | |a demografia |
| 610 | 2 | 0 | |a Európska únia |
| 100 | 1 | |a Vojtková, Mária, 1966- | |